|
|
|
|
| LEADER |
00000nab a2200000 4500 |
| 001 |
vtls012020356 |
| 003 |
SK-MaSNL |
| 005 |
20260318114234.0 |
| 008 |
210330c2020 xo er|n || ||00 c0ukr |
| 015 |
|
|
|a SNBRB2021/03
|
| 038 |
|
|
|a SVKPOCL
|
| 040 |
|
|
|a SVKPOCL
|b slo
|c SVKPOCL
|e rda
|
| 041 |
0 |
|
|a ukr
|
| 043 |
|
|
|a e-pl--
|a e-xo---
|a e-un---
|a e-ru---
|
| 044 |
|
|
|a xo
|c SK
|
| 072 |
|
7 |
|a 316.7
|x Sociológia kultúry. Kultúrny život
|2 konspekt
|
| 072 |
|
7 |
|a 316.3
|x Globálne spoločnosti. Sociálna štruktúra. Sociálne skupiny
|2 konspekt
|
| 072 |
|
7 |
|a 398
|x Folklór
|2 konspekt
|
| 080 |
|
|
|a (=161.25)(438)
|2 2011
|
| 080 |
|
|
|a (=161.2)
|2 2011
|
| 080 |
|
|
|a (437.6)
|2 2011
|
| 080 |
|
|
|a (=161.25)
|2 2011
|
| 080 |
|
|
|a (438)
|2 2011
|
| 080 |
|
|
|a 398(=161.25)
|2 2011
|
| 080 |
|
|
|a 316.022.4
|2 2011
|
| 080 |
|
|
|a 316.022.4(=161.2)(438)
|2 2011
|
| 080 |
|
|
|a (470+571)
|2 2011
|
| 080 |
|
|
|a (477)
|2 2011
|
| 080 |
|
|
|a (477.87)
|2 2011
|
| 080 |
|
|
|a (=161.2'282)
|2 2011
|
| 100 |
1 |
|
|a Borysenko, Valentyna
|4 aut
|9 1626782
|
| 245 |
1 |
0 |
|a Etnohrafični hrupy i nacional'ni menšyny v Ukrajini
|c Valentyna Borysenko
|
| 336 |
|
|
|a text
|b txt
|2 rdacontent
|
| 337 |
|
|
|a bez média
|b n
|2 rdamedia
|
| 338 |
|
|
|a zväzok
|b nc
|2 rdacarrier
|
| 500 |
|
|
|a V rubrike Istorija
|
| 500 |
|
|
|a Prvé medzinárodné Karpatské sympózium k 70. výročiu presídlenia slovenských Rusínov a Ukrajincov do ZSSR a Akcie "Visla" v Poľsku v roku 1947
|
| 500 |
|
|
|a Doplňujúce údaje a výber sú prevzaté z spadok.org.ua
|
| 648 |
|
7 |
|a 1992
|2 svkpocl
|9 277405
|
| 650 |
0 |
7 |
|a kultúra
|2 SNKPH
|9 886
|
| 650 |
0 |
7 |
|a kultúra národnostných menšín
|2 svkpocl
|9 394278
|
| 650 |
0 |
7 |
|a Rusíni
|2 SNKPH
|9 4087
|
| 650 |
0 |
7 |
|a Ukrajinci
|2 SNKPH
|9 19025
|
| 650 |
0 |
7 |
|a Lemkovia
|2 SNKPH
|9 27189
|
| 650 |
0 |
7 |
|a Bojkovia
|2 SNKPH
|9 101734
|
| 650 |
0 |
7 |
|a Rusi
|2 SNKPH
|9 26608
|
| 650 |
0 |
7 |
|a Huculovia
|2 SNKPH
|9 97747
|
| 650 |
0 |
7 |
|a štatistické zisťovanie
|2 SNKPH
|9 49919
|
| 650 |
0 |
7 |
|a národnostné menšiny
|2 SNKPH
|9 2669
|
| 650 |
0 |
7 |
|a kultúrne dejiny
|2 SNKPH
|9 4307
|
| 650 |
0 |
7 |
|a národnosti
|2 SNKPH
|9 4722
|
| 651 |
|
7 |
|a Poľsko
|2 SNKPH
|9 16755
|
| 651 |
|
7 |
|a Slovensko
|2 SNKPH
|9 14231
|
| 651 |
|
7 |
|a Ukrajina
|2 SNKPH
|9 168045
|
| 651 |
|
7 |
|a Rusko
|2 SNKPH
|9 17250
|
| 773 |
0 |
|
|t Nove žyttja
|g Roč. 70, č. 4 (2020), s. 3
|
| 787 |
0 |
8 |
|i Pôvovne uverejnené v:
|a Borysenko, Valentyna
|t Skil'ky etnohrafičnych hrup i nacmenšyn v Ukrajini?
|g In: http://spadok.org.ua/antropologiya/skilky-etnografichnykh-grup-i-natsmenshyn-v-ukrayini
|
| 852 |
|
|
|a SVKPO
|b KIS3GCP
|
| 856 |
4 |
2 |
|u https://spadok.org.ua/antropologiya/skilky-etnografichnykh-grup-i-natsmenshyn-v-ukrayini
|
| 958 |
|
|
|a RN
|
| 958 |
|
|
|a SS
|
| 958 |
|
|
|a UK
|
| 958 |
|
|
|a PL
|
| 958 |
|
|
|a US
|
| 958 |
|
|
|a RU
|
| 958 |
|
|
|a RS
|
| 958 |
|
|
|a UA
|
| 958 |
|
|
|a BY
|
| 999 |
|
|
|c 3355613
|d 3357543
|